• 首页
  • 本馆介绍
  • 公告通知
  • 最新文献
  • 馆藏检索
  • 电子资源
  • 读者导购
  • 参考咨询
  • 我的图书馆
  • 登录
  • 详细信息显示
  • 放入我的书架
  • 预约/预借图书
  • 作者相关作品
  • 分类相关作品
  • 丛书相关作品
  • 出版社相关作品

书目信息

  • 表格格式
  • 工作单格式
  • 卡片格式
书名: Gender =
作者: Greville G. Corbett
分册号:
分册名:
出版地: Bejing ;
 
出版社:
出版时间: 2005.
页数: xix, 363 p. :
开本: 24 cm.
丛书名: Cambridge textbooks in linguistics
中图分类号:
科图分类号:
其他分类号: H04
主题词:
电子资源:
000 01380nam 2200361 a 4500
001 E0738164746
004 001192448
004 001192448
005 20070702103821.64
008 4001uueng0000000
008 4001uueng0000000
008 001 0 eng
010    @a90033171
020    @a7301079931 :@cCNY40.00.
040    @aCcBjTSG @bchi
041    @aeng@bchi
050 00 @aP240.7 @b.C67 1991
082 00 @a415 @220
090    @aH04
099    @dH04@ex105
100 1  @aCorbett, Greville G.
245 10 @aGender = :@b性范畴 / @cGreville G. Corbett
246 31 @a性范畴
250    @a影印版.
260    @aBejing ;@aPeking University Press,@c2005.
300    @axix, 363 p. :@bill. ;@c24 cm.
440  0 @aCambridge textbooks in linguistics
504    @aIncludes bibliographical references (p. 324-351) and indexes.
534    @pReprint. Originally published: @cCambridge : Cambridge University Press, 1991, @z0521329396.
650  0 @aGrammar, Comparative and general @xGender. @b01 @c20050705 @lNLC09 @h1643 @b40 @c20050711 @lNLC09 @h1729 @b40 @c20050711 @lNLC09 @h1730 @b40 @c20050718 @lNLC09 @h1404 @b40 @c20050718 @lNLC09 @h1405 @b40 @c20050718 @lNLC09 @h1406 @b40 @c20050718 @lNLC09 @h1430 @b40 @c20050718 @lNLC09 @h1432
700    @aCorbett,Greville G.
852 0  @bWWDY @k2-2005 @hH04 @iC789G
852 0  @bWWJC @cJ09 @k2-2005 @hH04 @iC789G
    
    Gender = : : 性范畴 / / Greville G. Corbett.-影印版.-Bejing ; ; Peking University Press, , 2005.
    xix, 363 p. : : ill. ; ; 24 cm.- (Cambridge textbooks in linguistics )
    Includes bibliographical references (p. 324-351) and indexes.
    
    ISBN 7301079931 :CNY40.00.
    
●
相关链接 在E读中查询图书 在五车中查询图书 在当当中查询图书 在豆瓣中查询图书


正题名:Gender =     索取号:H04/x105         预约/预借

序号 登录号 条形码 馆藏地/架位号 状态 备注
1 12035   300120358   第二样本阅览室/ [索取号:H04/x105] 在馆    
2 12036   300120367   第四借阅区/ [索取号:H04/x105] 在馆    
3 12037   300120376   第四借阅区/ [索取号:H04/x105] 在馆    
4 12038   300120385   第四借阅区/ [索取号:H04/x105] 在馆    
5 12039   300120394   第四借阅区/ [索取号:H04/x105] 在馆    
6 12040   300120401   第四借阅区/ [索取号:H04/x105] 在馆    
7 12041   300120410   第四借阅区/ [索取号:H04/x105] 在馆    
8 12042   300120429   第四借阅区/ [索取号:H04/x105] 在馆    
唐山师范学院图书馆 欢迎您!
大连网信软件有限公司© 版权所有